000
00324nam a2200121Ia 4500
008
241028s9999 xx 000 0 und d
041
_a
eng
082
_a
658.4092 YAN
100
_a
Yan Li
245
_a
Expatriate Managers Adaption And Knowledge Acquisition
260
_b
Springer
_a
Singapore
_c
2016
300
_a
252;. P. 23 cm
999
_c
42942
_d
42942